Linux rapid application development (Record no. 6320)
[ view plain ]
| 000 -LEADER | |
|---|---|
| fixed length control field | 00823 a2200193 4500 |
| 020 ## - INTERNATIONAL STANDARD BOOK NUMBER | |
| International Standard Book Number | 0764547402 |
| 040 ## - CATALOGING SOURCE | |
| Original cataloging agency | DLC |
| 082 00 - DEWEY DECIMAL CLASSIFICATION NUMBER | |
| Classification number | 005.4469 |
| 100 1# - MAIN ENTRY--PERSONAL NAME | |
| Personal name | Hughes, Cameron, |
| 245 10 - TITLE STATEMENT | |
| Title | Linux rapid application development |
| Statement of responsibility, etc. | Cameron Hughes and Tracey Hughes. |
| 260 ## - PUBLICATION, DISTRIBUTION, ETC. | |
| Place of publication, distribution, etc. | Foster City, CA : |
| Name of publisher, distributor, etc. | IDG Books Worldwide, |
| Date of publication, distribution, etc. | c2000. |
| 300 ## - PHYSICAL DESCRIPTION | |
| Extent | xxii, 616 p. : |
| Other physical details | ill. ; |
| Dimensions | 23 cm. + |
| Accompanying material | 2 computer optical discs (4 3/4 in.) |
| 650 #0 - SUBJECT ADDED ENTRY--TOPICAL TERM | |
| Topical term or geographic name entry element | Application software |
| General subdivision | Development. |
| 700 1# - ADDED ENTRY--PERSONAL NAME | |
| Personal name | Hughes, Tracey. |
| 856 41 - ELECTRONIC LOCATION AND ACCESS | |
| Materials specified | Table of contents |
| Uniform Resource Identifier | <a href="http://www.loc.gov/catdir/toc/wiley024/00059687.html">http://www.loc.gov/catdir/toc/wiley024/00059687.html</a> |
| 856 41 - ELECTRONIC LOCATION AND ACCESS | |
| Materials specified | Contributor biographical information |
| Uniform Resource Identifier | <a href="http://www.loc.gov/catdir/enhancements/fy0706/00059687-b.html">http://www.loc.gov/catdir/enhancements/fy0706/00059687-b.html</a> |
| 856 41 - ELECTRONIC LOCATION AND ACCESS | |
| Materials specified | Publisher description |
| Uniform Resource Identifier | <a href="http://www.loc.gov/catdir/enhancements/fy0706/00059687-d.html">http://www.loc.gov/catdir/enhancements/fy0706/00059687-d.html</a> |
| 942 ## - ADDED ENTRY ELEMENTS (KOHA) | |
| Koha item type | Book |
| Call number prefix | 005.4469 HUG |
| Source of classification or shelving scheme | |
| Withdrawn status | Lost status | Damaged status | Not for loan | Collection code | Permanent Location | Current Location | Shelving location | Date acquired | Source of acquisition | Cost, normal purchase price | Total Checkouts | Full call number | Barcode | Date last seen | Price effective from | Koha item type |
|---|---|---|---|---|---|---|---|---|---|---|---|---|---|---|---|---|
| Central Library (CL) | Central Library (CL) | First Floor - Operating System/ Data Structure | 11/29/2001 | New Public Book | 3014.00 | 005.4469 HUG | SEECS001497 | 11/14/2012 | 01/05/2017 | Book |
